000 00679nam a2200253Ia 4500
003 OSt
005 20221006142249.0
006 a|||||r|||| 00| 0
007 ta
008 221006b |||||||| |||| 00| 0 jpn d
024 _a5,841
037 _bGift, Japan Foundation
_cTextual
040 _aEASL
_cEASL
_bjpn
041 _2jpn
_ajpn
082 _aX:95.42.N93, N4
100 _aKURITA Ken
_9647291
245 0 _aNihon no rodo shakai
260 _aTokyo
_bTokyo Daigaku Japan
_c1994
300 _a226p.
_ccm.
490 _v JL
650 _aJL
942 _hX:95.42.N93, N4
_cTEXL
_2CC
999 _c1073927
_d1073927